000 00797nam a22002297a 4500
003 UA-OsUOA
001 47771
007 ta
008 20120914b un ||||| |||| 00| 0 ukr d
090 _a061
942 _cBK
040 _aUA-OsUOA
_bukr
_cUA-OsUOA
_dUA-OsUOA
245 _a60-ліття Братства колишніх вояків 1-ої Української Національної Армії 1950-2010. XVI головний делегатський з'їзд, Торонто, 2 жовтня 2010 року
300 _a80 с.
955 _a4
041 _aukr
080 _a061
260 _c2010
650 7 _a0 Загальний відділ.
_2UDC
999 _c427868
_d427868